Normal view
MARC view
- Shehryar Khan
Entry Personal Name
001 - CONTROL NUMBER
- control field: 51458
003 - CONTROL NUMBER IDENTIFIER
- control field: NUST
005 - DATE AND TIME OF LATEST TRANSACTION
- control field: 20210314135000.0
008 - FIXED-LENGTH DATA ELEMENTS
- fixed length control field: 210314|| aca||aabn | a|a d
040 ## - CATALOGING SOURCE
- Original cataloging agency: NUST
- Transcribing agency: NUST
100 ## - HEADING--PERSONAL NAME
- Personal name: Shehryar Khan
670 ## - SOURCE DATA FOUND
- Source citation: Work cat.: (NUST): Shehryar Khan, Effects of Humanitarian Conflict on Livelihoods in Khyber Agency, 2018.
